Crónica de Don Álvaro de Luna, condestable de Castilla Maestre de Santiago / (Record n. 33251)
[ formato base ]
| 000 -LEADER | |
|---|---|
| fixed length control field | 01004nam a2200253 i 4500 |
| 003 - CONTROL NUMBER IDENTIFIER | |
| control field | IT-RoINE |
| 005 - DATE AND TIME OF LATEST TRANSACTION | |
| control field | 20191216072025.0 |
| 008 - FIXED-LENGTH DATA ELEMENTS--GENERAL INFORMATION | |
| fixed length control field | 961121s1940 sp a r 001 ||spa d |
| 040 ## - CATALOGING SOURCE | |
| Original cataloging agency | ES-MaCSI |
| Transcribing agency | VL IT-RoINE |
| Modifying agency | IT-RoINE |
| 245 10 - TITLE STATEMENT | |
| Title | Crónica de Don Álvaro de Luna, condestable de Castilla Maestre de Santiago / |
| Statement of responsibility, etc | edición y estudio por Juan de Mata Carriazo. |
| 260 ## - PUBLICATION, DISTRIBUTION, ETC. (IMPRINT) | |
| Place of publication, distribution, etc | Madrid : |
| Name of publisher, distributor, etc | Espasa-Calpe, |
| Date of publication, distribution, etc | 1940. |
| 300 ## - PHYSICAL DESCRIPTION | |
| Extent | LXIV, 484 p., [10] p. de lám. ; |
| Dimensions | 25 cm. |
| 336 ## - CONTENT TYPE | |
| Source | rdacontent |
| Content type term | text |
| 337 ## - MEDIA TYPE | |
| Source | rdamedia |
| Media type term | unmediated |
| 338 ## - CARRIER TYPE | |
| Source | rdacarrier |
| Carrier type term | volume |
| 490 1# - SERIES STATEMENT | |
| Series statement | Colección de crónicas españolas ; |
| Volume number/sequential designation | 2 |
| 500 ## - GENERAL NOTE | |
| General note | incluye índice. |
| 600 #4 - SUBJECT ADDED ENTRY--PERSONAL NAME | |
| Personal name | Luna, Alvaro de, |
| Dates associated with a name | ca. 1381-1453 |
| General subdivision | Fuentes |
| 9 (RLIN) | 65459 |
| 651 #4 - SUBJECT ADDED ENTRY--GEOGRAPHIC NAME | |
| Geographic name | España |
| General subdivision | Historia |
| Chronological subdivision | Siglo 15o. |
| General subdivision | Fuentes |
| 9 (RLIN) | 65458 |
| 651 #4 - SUBJECT ADDED ENTRY--GEOGRAPHIC NAME | |
| Geographic name | Castilla (Reino) |
| General subdivision | Historia |
| Chronological subdivision | 1406-1454 (Juan II) |
| General subdivision | Fuentes |
| 9 (RLIN) | 27947 |
| 700 1# - ADDED ENTRY--PERSONAL NAME | |
| Personal name | Carriazo y Arroquia, Juan de Mata, |
| Dates associated with a name | 1899-1989 |
| 9 (RLIN) | 10120 |
| 830 #0 - SERIES ADDED ENTRY--UNIFORM TITLE | |
| Uniform title | Colección de Crónicas Españolas ; |
| Volume number/sequential designation | 2 |
| 9 (RLIN) | 65113 |
| 942 ## - ADDED ENTRY ELEMENTS (KOHA) | |
| Item type | Monografías |
| Withdrawn status | Lost status | Damaged status | Not for loan | Home library | Current library | Date acquired | Total Checkouts | Full call number | Barcode | Date last seen | Price effective from | Koha item type |
|---|---|---|---|---|---|---|---|---|---|---|---|---|
| Iglesia Nacional Española en Roma | Iglesia Nacional Española en Roma | 16/12/2019 | FUE.HIS 177 | 60626 | 16/12/2019 | 16/12/2019 | Monografías |